Automatic process control for chemical engineers (Record no. 25223)

000 -LEADER
fixed length control field 00528nam a2200193 4500
001 - CONTROL NUMBER
control field 25223
003 - CONTROL NUMBER IDENTIFIER
control field BD-DhUET
008 - FIXED-LENGTH DATA ELEMENTS--GENERAL INFORMATION
fixed length control field 150304b1956 xxu||||| |||| 00| 0 eng d
040 ## - CATALOGING SOURCE
Original cataloging agency DLC
Transcribing agency DLC
Modifying agency BD-DhUET
082 ## - DEWEY DECIMAL CLASSIFICATION NUMBER
Classification number 660.28
Item number CEA/1956
100 ## - MAIN ENTRY--PERSONAL NAME
Personal name Ceaglaske, Norman H.
245 ## - TITLE STATEMENT
Title Automatic process control for chemical engineers
250 ## - EDITION STATEMENT
Edition statement 1st ed.
260 ## - PUBLICATION, DISTRIBUTION, ETC. (IMPRINT)
Place of publication, distribution, etc. New Delhi
Name of publisher, distributor, etc. Wiley Eastern
Date of publication, distribution, etc. 1956
300 ## - PHYSICAL DESCRIPTION
Extent xiv, 228 p.
Other physical details ill.
Dimensions 23 cm.
504 ## - BIBLIOGRAPHY, ETC. NOTE
Bibliography, etc Includes bibliographies
650 #0 - SUBJECT ADDED ENTRY--TOPICAL TERM
Topical term or geographic name as entry element Chemical engineering
942 ## - ADDED ENTRY ELEMENTS (KOHA)
Koha item type General Book
Holdings
Koha date last seen Koha full call number Location (home branch) Sublocation or collection (holding branch) Damaged status Koha item type Copy number Withdrawn status Price effective from Shelving location Koha normalized classification for sorting Piece designation (barcode) Source of classification or shelving scheme Lost status Not for loan Date acquired
2015-05-13660.28/CEA/1956Central Library, BUETCentral Library, BUET General Book1 2015-05-13Circulation section660_280000000000000_CEA_195632624   2015-05-13
2015-05-13660.28/CEA/1956Central Library, BUETCentral Library, BUET General Book2 2015-05-13Circulation section660_280000000000000_CEA_195632623   2015-05-13
2015-05-13660.28/CEA/1956Central Library, BUETCentral Library, BUET General Book3 2015-05-13Circulation section660_280000000000000_CEA_195632622   2015-05-13
2015-05-13660.28/CEA/1956Central Library, BUETCentral Library, BUET General Book4 2015-05-13Circulation section660_280000000000000_CEA_195632621   2015-05-13
2015-05-13660.28/CEA/1956Central Library, BUETCentral Library, BUET General Book5 2015-05-13Circulation section660_280000000000000_CEA_195620928   2015-05-13
2015-05-13660.28/CEA/1956Central Library, BUETCentral Library, BUET General Book6 2015-05-13Circulation section660_280000000000000_CEA_195637310   2015-05-13
2015-05-13660.28/CEA/1956Central Library, BUETCentral Library, BUET General Book7 2015-05-13Circulation section660_280000000000000_CEA_195632625   2015-05-13
2015-05-13660.28/CEA/1956Central Library, BUETCentral Library, BUET General Book8 2015-05-13Circulation section660_280000000000000_CEA_195611145   2015-05-13
2015-05-13660.28/CEA/1956Central Library, BUETCentral Library, BUET General Book9 2015-05-13Circulation section660_280000000000000_CEA_195611148   2015-05-13
2015-05-13660.28/CEA/1956Central Library, BUETCentral Library, BUET General Book10 2015-05-13Circulation section660_280000000000000_CEA_195611144   2015-05-13
2015-05-13660.28/CEA/1956Central Library, BUETCentral Library, BUET General Book11 2015-05-13Circulation section660_280000000000000_CEA_195612431   2015-05-13
2015-05-13660.28/CEA/1956Central Library, BUETCentral Library, BUET General Book12 2015-05-13Circulation section660_280000000000000_CEA_195610151   2015-05-13